المحرر الوجيز فى تفسير الكتاب العزيز / (رقم التسجيلة. 178189)

تفاصيل مارك
000 -LEADER
fixed length control field 01670namaa22003371i 4500
003 - CONTROL NUMBER IDENTIFIER
control field EG-GICUC
005 - DATE AND TIME OF LATEST TRANSACTION
control field 20260204144111.0
008 - FIXED-LENGTH DATA ELEMENTS--GENERAL INFORMATION
fixed length control field 260204s1993 le ||||jr|||| 000 0 ara d
040 ## - CATALOGING SOURCE
Original cataloging agency EG-GiCUC
Language of cataloging ara
Transcribing agency EG-GiCUC
Modifying agency EG-GiCUC
Description conventions rda
082 04 - DEWEY DECIMAL CLASSIFICATION NUMBER
Edition number 21
Classification number 227
Item number A872mu
092 04 - LOCALLY ASSIGNED DEWEY CALL NUMBER (OCLC)
Edition number 21
Classification number 227
Item number A872mu
099 ## - LOCAL FREE-TEXT CALL NUMBER (OCLC)
Classification number 227 A872mu
100 1# - MAIN ENTRY--PERSONAL NAME
Personal name ابن عطية،عبد الحق بن غالب،
Dates associated with a name ت. حو. 1147
Relator term مؤلف.
245 12 - TITLE STATEMENT
Title المحرر الوجيز فى تفسير الكتاب العزيز /
Statement of responsibility, etc. للقاضى أبى محمد عبد الحق بن غالب بن عطية الأندلسى ؛ تحقيق عبد السلام عبد الشافى محمد
250 ## - EDITION STATEMENT
Edition statement الطبعة الاولى
264 ## - PRODUCTION, PUBLICATION, DISTRIBUTION, MANUFACTURE, AND COPYRIGHT NOTICE
Place of production, publication, distribution, manufacture بيروت (لبنان) :
Name of producer, publisher, distributor, manufacturer دار الكتب العلمية،
Date of production, publication, distribution, manufacture, or copyright notice 1993
300 ## - PHYSICAL DESCRIPTION
Extent ؛ 5 مجلدات
Dimensions 28 سم
336 ## - CONTENT TYPE
Source rdacontent
Content type term text
337 ## - MEDIA TYPE
Source rdamedia
Media type term Unmediated
338 ## - CARRIER TYPE
Source rdacarrier
Carrier type term volume
500 ## - GENERAL NOTE
General note طبعة محققة عن نسخة آيا صوفيا-استانبول رقم (119) المحفوظة صورتها فى مكتبة مرعشى نجفى
504 ## - BIBLIOGRAPHY, ETC. NOTE
Bibliography, etc. note .
505 ## - FORMATTED CONTENTS NOTE
Formatted contents note الجزء الاول. الفاتحة - آل عمران. الجزء الثانى. النساء - الانفال. الجزء الثالث. التوبة - الكهف. الجزء الرابع. مريم - غافر. الجزء الخامس. فصلت - الناس.
541 ## - IMMEDIATE SOURCE OF ACQUISITION NOTE
Source of acquisition د. جابر عصفور ؛
Address القاهرة ؛
Method of acquisition إهداء ؛
Date of acquisition 2024.
630 ## - SUBJECT ADDED ENTRY--UNIFORM TITLE
Uniform title القرآن
General subdivision تفسير
650 1# - SUBJECT ADDED ENTRY--TOPICAL TERM
Source of heading or term qrmak
651 1# - SUBJECT ADDED ENTRY--GEOGRAPHIC NAME
Source of heading or term qrmak
700 1# - ADDED ENTRY--PERSONAL NAME
Personal name محمد، عبد السلام عبد الشافى
Relator term محقق.
905 ## - Cataloger and Reviser Names
Cataloger Name Huda
942 ## - ADDED ENTRY ELEMENTS (KOHA)
Source of classification or shelving scheme Dewey Decimal Classification
Koha item type Books
Edition 21
Suppress in OPAC No
المقتنيات
Withdrawn status Lost status Source of classification or shelving scheme Damaged status Not for loan Home library Current library Date acquired Inventory number Total checkouts Full call number Barcode Date last seen Price effective from Koha item type
    Dewey Decimal Classification   Not for loan المكتبة المركزبة الجديدة - جامعة القاهرة قاعة المكتبات المهداة - الدور الرابع 04.02.2026 175072   227 A872mu v.1 J.U. 01000100175072001 04.02.2026 04.02.2026 Books
    Dewey Decimal Classification   Not for loan المكتبة المركزبة الجديدة - جامعة القاهرة قاعة المكتبات المهداة - الدور الرابع 04.02.2026 175072   227 A872mu v.2 J.U. 01000100175072002 04.02.2026 04.02.2026 Books
    Dewey Decimal Classification   Not for loan المكتبة المركزبة الجديدة - جامعة القاهرة قاعة المكتبات المهداة - الدور الرابع 04.02.2026 175072   227 A872mu v.3 J.U. 01000100175072003 04.02.2026 04.02.2026 Books
    Dewey Decimal Classification   Not for loan المكتبة المركزبة الجديدة - جامعة القاهرة قاعة المكتبات المهداة - الدور الرابع 04.02.2026 175072   227 A872mu v.4 J.U. 01000100175072004 04.02.2026 04.02.2026 Books
    Dewey Decimal Classification   Not for loan المكتبة المركزبة الجديدة - جامعة القاهرة قاعة المكتبات المهداة - الدور الرابع 04.02.2026 175072   227 A872mu v.5 J.U. 01000100175072005 04.02.2026 04.02.2026 Books
Cairo University Libraries Portal Implemented & Customized by: Eng. M. Mohamady Contacts: new-lib@cl.cu.edu.eg | cnul@cl.cu.edu.eg
CUCL logo CNUL logo
© All rights reserved — Cairo University Libraries
CUCL logo
Implemented & Customized by: Eng. M. Mohamady Contact: new-lib@cl.cu.edu.eg © All rights reserved — New Central Library
CNUL logo
Implemented & Customized by: Eng. M. Mohamady Contact: cnul@cl.cu.edu.eg © All rights reserved — Cairo National University Library